| 000 | 00617nam a2200241 a 4500 | ||
|---|---|---|---|
| 001 | nice12345678 | ||
| 003 | IN_TiNIC | ||
| 005 | 20260116015028.0 | ||
| 008 | 050524s2004 gena grp 000 0 eng | ||
| 020 |
_a2825426 _c1062.5 |
||
| 082 | 0 | 0 |
_a303.66 _bENN |
| 100 | _aEnns, Fernando | ||
| 245 | _aSeeking Culture of Peace | ||
| 260 |
_aGeneva _bWCC _c2004 |
||
| 300 | _a260p | ||
| 500 | _aincludes index and biblioraphy | ||
| 505 | 2 | _aSelected Bibliography, Index | |
| 650 | _aPeace-Religious Aspect-Christianity | ||
| 700 | 1 | _aEnns, Fernando | |
| 902 | _bSRS | ||
| 942 | _cBK | ||
| 999 |
_c18013 _d18013 |
||